| 000 | 00702nam a2200217 i 4500 | ||
|---|---|---|---|
| 001 | 133394 | ||
| 003 | ES-MaACL | ||
| 005 | 20230906194408.0 | ||
| 007 | t| | ||
| 008 | 070214s1928 gw r ||||1| ger d | ||
| 100 | 1 |
_aRuehl, Alfred. _9100529 |
|
| 245 | 1 | 0 |
_aVom Wirtschaftsgeist in Spain / _cvon Alfred Rühl. |
| 260 |
_aLeipzig : _bQuelle & Meyer, _c1928. |
||
| 300 |
_a90 p. ; _c21 cm. |
||
| 490 | 1 | _aStudien über den Wirtschaftsgeist der Völker | |
| 651 | 4 |
_aEspaña- _xSituación económica- _y1902-1931. _9158843 |
|
| 651 | 4 |
_aEspaña- _xUsos y costumbres. _98515 |
|
| 830 | 0 |
_aStudien über den Wirtschaftsgeist der Völker _9219731 |
|
| 852 |
_aES-MaACL _jA-4963 |
||
| 999 |
_c133394 _d133394 |
||